| 000 | 00555cam a2200193 4500 | ||
|---|---|---|---|
| 001 | D5936 | ||
| 008 | 090401t1971 xxu||||| |||| 00| 0 eng d | ||
| 035 | _a(Sirsi) u76674 | ||
| 041 | _aeng | ||
| 050 | _a692.3096891 | ||
| 110 |
_aThe Institute of Rhodesian Quantity Surveyors _92521 |
||
| 245 | _aSystem of measurement of building work in Rhodesia (metric) | ||
| 260 |
_aSalisbury _bThe Institute of Rhodesian Quantity Surv _c1971 |
||
| 300 | _aiv. 125p. 22cm | ||
| 350 | _a0 | ||
| 520 | _aFiled at SMM 1971/2BC | ||
| 942 | _n0 | ||
| 948 | _c04/03/1997 | ||
| 999 |
_c96227 _d96227 |
||